Personnages de fiction par couleur de cheveux - Vert - Statistiques

Statistiques générales
  • Ce quiz a été pris 95 fois
  • Le résultat moyen est 7 sur 20
Statistiques - réponses
Par images Réponse % Correct
Le Joker
100%
Ferb
80%
Krusty
78%
Dégoût
75%
Zoro Roronoa
72%
Beetlejuice
67%
N
35%
Tsuyu Asui
34%
Amalia
31%
Changelin
27%
Palutena
26%
Zeri
24%
Capitaine Planète
20%
Cosmo
20%
Kiriko
13%
Hugo
12%
Shun d'Andromède
11%
Kuki Shinobu
9%
Polaris
8%
Trip
1%
Aucun quiz correspondant
Distribution des résultats
% des personnes avec chaque résultat
Percentile par nombre de réponses
Votre historique - résultats
Vous n’avez pas pris ce quiz